000 01260cam a22003494a 4500
001 12640682
005 20260424063841.0
008 020110s2002 mauab b 001 0 eng
010 _a 2002100340
020 _a089608650X
035 _a12640682
035 _a(DLC) 2002100340
040 _aDLC
_cDLC
_dDLC
042 _apcc
082 _a333.91 SHI
100 1 _aShiva, Vandana
245 1 0 _aWater wars :
_bprivatization, pollution and profit /
_cVandana Shiva.
260 _aNew Delhi :
_bIndia Research Press,
_c2002.
300 _axvi, 156 p. :
_bill. ;
_c23 cm.
365 _bRs. 245
504 _aIncludes bibliographical references and index.
650 0 _aWater-supply
_xEconomic aspects.
650 0 _aWater-supply
_xPolitical aspects.
650 0 _aWater resources development
_xEconomic aspects.
650 0 _aWater rights.
650 0 _aWater
_xPollution.
856 4 1 _3Table of contents
_uhttp://www.loc.gov/catdir/toc/fy046/2002100340.html
906 _a7
_bcbc
_corignew
_d2
_eepcn
_f20
_gy-gencatlg
942 _2ddc
_cBK
999 _c613
_d613